Magasins et restaurants de Créteil Soleil - Statistiques

Statistiques générales
  • Ce quiz a été pris 59 fois
  • Le résultat moyen est 36 sur 177
Statistiques - réponses
Type de quiz Magasins et Restaurants % Correct
Restaurant McDonald's
98%
Boutique C&A
85%
Boutique Zara
80%
Boutique Carrefour
78%
Boutique Bershka
75%
Boutique FNAC
73%
Boutique H&M
73%
Boutique Nike
73%
Boutique Primark
73%
Restaurant Burger King
70%
Restaurant KFC
68%
Restaurant Quick
68%
Boutique Sephora
68%
Boutique JD SPORTS
63%
Boutique Adidas
60%
Boutique Pull & Bear
60%
Boutique Mango
58%
Restaurant O'Tacos
58%
Boutique Foot locker
53%
Boutique Intersport
50%
Boutique Micromania
50%
Boutique Orange
50%
Boutique Courir
48%
Restaurant Paul
48%
Restaurant Restaurant Del Arte
48%
Restaurant BLACK AND WHITE BURGER
45%
Boutique Darty
45%
Boutique NORMAL
45%
Restaurant Starbucks
45%
Boutique Stradivarius
45%
Boutique SFR
43%
Restaurant Five Guys
40%
Boutique KIABI
40%
Boutique La Grande Récré
40%
Boutique Histoire d'Or
38%
Boutique Lacoste
35%
Restaurant Le Paradis du Fruit
35%
Boutique Nature & découvertes
35%
Boutique Free
33%
Boutique HEMA
33%
Boutique Jules
33%
Boutique Lovisa
33%
Boutique Celio
30%
Boutique Claire's
30%
Restaurant Hippopotamus
30%
Boutique KIKO Milano
30%
Boutique La Boutique du Coiffeur
30%
Boutique Levi's
30%
Restaurant Sushi Way
30%
Boutique Jeff de Bruges
28%
Boutique NYX
28%
Boutique Pandora
28%
Boutique Rituals
28%
Restaurant Vapiano
28%
Restaurant Brioche Dorée
25%
Boutique Etam
25%
Restaurant Los Pollos
25%
Boutique Nocibé
25%
Restaurant Subway
25%
Boutique TABAC
25%
Boutique UGC
25%
Boutique Undiz
25%
Boutique Adopt
23%
Restaurant BRENDY'S CAFÉ
23%
Restaurant Pitaya Thai
23%
Restaurant Popeyes
23%
Restaurant Tema's cake
23%
Boutique Yves rocher
23%
Boutique Aroma-zone
20%
Boutique Atol Opticiens
20%
Boutique foot korner
20%
Boutique Calzedonia
18%
Boutique KRYS
18%
Boutique Lunettes pour tous
18%
Boutique Marionnaud
18%
Boutique Miniso
18%
Boutique Pharmacie
18%
Boutique SNIPES
18%
Boutique Bouygues-Telecom
15%
Boutique Le Temps des Cerises
15%
Boutique Poltronesofà
15%
Boutique Tezenis
15%
Restaurant BABECO
13%
Boutique Franck provost
13%
Boutique Louis Pion
13%
Boutique Alain Afflelou
10%
Restaurant Amorino
10%
Boutique Cleor
10%
Restaurant Indiana Cafe
10%
Boutique LEGO STORE
10%
Boutique Marc orian
10%
Boutique Naf naf
10%
Boutique ONLY
10%
Boutique Trésor
10%
Restaurant Waffle Factory
10%
Boutique Armand Thiery
8%
Boutique Bijou Brigitte
8%
Restaurant Crepe touch
8%
Boutique Grand Optical
8%
Restaurant La Cantine Libanaise
8%
Boutique L'Occitane
8%
Restaurant ONYXIA
8%
Restaurant Pret A Manger
8%
Boutique Sergent major
8%
Boutique Swarovski
8%
Restaurant Thaï Basilic
8%
Boutique Balaboosté
5%
Boutique BEXLEY
5%
Boutique Caroll
5%
Boutique Deichmann
5%
Boutique Devred
5%
Boutique Générale d'Optique
5%
Boutique Geox
5%
Boutique Laser Game Evolution
5%
Boutique Léonidas
5%
Boutique Lolly's
5%
Restaurant Mangos
5%
Boutique Parfois
5%
Boutique PROMOD
5%
Boutique Salsa
5%
Boutique Valège
5%
Boutique Vertbaudet
5%
Boutique Antonelle
3%
Boutique Audio pour tous
3%
Boutique Beauty Queen
3%
Boutique Bel Chou's
3%
Boutique BioTech
3%
Boutique Bleu Cerise
3%
Restaurant CHIK'CHILL
3%
Boutique Cigusto
3%
Boutique Cyrillus
3%
Boutique EDJI
3%
Boutique Elite club
3%
Boutique Everwood
3%
Boutique Fabio salsa
3%
Restaurant Häagen Dasz
3%
Boutique IZAC
3%
Boutique Jack & Jones
3%
Restaurant Krispy Kreme
3%
Restaurant Lal qila
3%
Restaurant Le Palais du Maroc
3%
Boutique Lissac
3%
Boutique Maison 123
3%
Restaurant Momen'Tea
3%
Boutique Monceau Fleurs
3%
Boutique MS-Mode
3%
Boutique Muy Mucho
3%
Boutique Zelys
3%
Restaurant Baboo Tea
0%
Boutique Body-Nail-Hair Minute
0%
Restaurant B STREET
0%
Boutique Darjeeling
0%
Boutique Draeger
0%
Boutique ENCRE SERVICE
0%
Boutique Exo Soleil
0%
Boutique Harcourt
0%
Boutique Ijo
0%
Restaurant It Restaurant
0%
Boutique La Casa de Las Carcasas
0%
Restaurant La Fabrique Cookies
0%
Boutique Le Bar à Ongles
0%
Restaurant Mc Café
0%
Boutique Menstore
0%
Boutique Michel maroquinerie
0%
Boutique Mister minit
0%
Boutique Point Smoke
0%
Boutique PRIMADONNA
0%
Boutique Promovacances
0%
Boutique Sac avenue
0%
Boutique Studio Juliette
0%
Boutique SUNNAMUSK
0%
Boutique TEEN FASHION
0%
Boutique Tempka
0%
Boutique Toscane
0%
Boutique Un jour ailleurs
0%
Boutique Wycon
0%
Restaurant Yogurt Factory
0%
Aucun quiz correspondant
Distribution des résultats
% des personnes avec chaque résultat
Percentile par nombre de réponses
Votre historique - résultats
Vous n’avez pas pris ce quiz